俺らサドンデスさ行ぐだ - Statistics

General Stats
  • This quiz has been taken 1,171 times
  • The average score is 8 of 20
Answers on the Grid
Answers color-coded by a green-red scale on the quiz's grid according to % correct below.
テレビ
ラジオ
ピアノ
バー
おまわり
散歩道
電話
ガス
バス
ギター
ステレオ
喫茶
集い
若者
婆さん
爺さん
数珠
薬屋
映画
紙芝居
ディスコ
のぞき
レーザー・ディスク
カラオケ
(カラオケを)かける機械
新聞
雑誌
回覧板
信号
電気
 
Answer Stats
Answer % Correct
テレビ
98%
ラジオ
94%
バー
51%
ピアノ
44%
ガス
41%
電話
39%
ステレオ
38%
ディスコ
35%
ギター
34%
映画
31%
レーザー・ディスク
31%
喫茶
30%
電気
29%
(カラオケを)かける機械
28%
のぞき
27%
信号
27%
薬屋
23%
集い
22%
新聞
21%
雑誌
20%
No matching quizzes found
Score Distribution
Percent of People with Each Score
Percentile by Number Answered
Your Score History
You have not taken this quiz